000 00457nam a2200181 a 4500
001 1773127630935
003 YourLibrary
005 20260310125914.0
008 260310s2009##################000#0#eng##
020 _a9781591027225
082 0 4 _a362.19691200
_bHEN
100 1 _aHenderson, Donald Ainslie,
_eauthor.
245 1 0 _aSmallpox :
260 _c2009.
650 0 _aHistory, Modern.
942 _cENGLISH
040 _aYourLibrary
_beng
_cYourLibrary
999 _c617351
_d617351